000 nam a22 7a 4500
999 _c10676
_d10676
008 180220b ||||| |||| 00| 0 eng d
100 _aGupta,S.P.
_96552
245 _aWorkbook cum Activity Book looking around-IV
260 _aNew Delhi
_bAPC
_c2013